[Event "14th Master Open"]
[Site "Voronezh RUS"]
[Date "2010.06.14"]
[Round "3"]
[White "Rychagov,A"]
[Black "Airapetian,G"]
[Result "1/2-1/2"]
[WhiteElo "2551"]
[BlackElo "2429"]

1.d4 d5 2.c4 c6 3.Nf3 Nf6 4.Nc3 a6 5.e3 b5 6.c5 g6 7.Bd3 Bg7 8.O-O Nbd7 9.b4 a5
10.bxa5 e5 11.Bc2 O-O 12.a4 bxa4 13.Bxa4 Qxa5 14.Ra3 Qc7 15.Re1 e4 16.Nd2 Ba6
17.f3 exf3 18.Qxf3 Rfe8 19.Bc2 Nf8 20.Bb2 Ne6 21.Rea1 Bb7 22.Rxa8 Rxa8 23.Rxa8+ Bxa8
24.Qe2 Bb7 25.Bd3  1/2-1/2

[Event "Open"]
[Site "Teplice CZE"]
[Date "2010.06.15"]
[Round "4"]
[White "Natsidis,C"]
[Black "Hrbolka,L sr"]
[Result "1-0"]
[WhiteElo "2304"]
[BlackElo "2135"]

1.d4 d5 2.c4 c6 3.Nf3 Nf6 4.Nc3 a6 5.a4 g6 6.g3 Bg7 7.Bg2 O-O 8.O-O Bf5 9.Qb3 Ra7
10.Bf4 dxc4 11.Qxc4 Nbd7 12.Rfe1 Nb6 13.Qc5 Nfd7 14.Qa3 Ra8 15.a5 Nd5 16.Nxd5 cxd5
17.Qb3 Be4 18.Qxb7 Qc8 19.Qb4 Ra7 20.Qxe7 Qa8 21.Qb4 Rb7 22.Qa4 Rb5 23.e3 Qb7
24.Bd6 Rc8 25.b4 Rc6 26.Bc5 Nxc5 27.bxc5 Rcxc5 28.dxc5 Bxa1 29.Qxa1  1-0

[Event "4th Ruy Lopez Masters"]
[Site "Villafranca ESP"]
[Date "2010.06.16"]
[Round "5"]
[White "Cheparinov,I"]
[Black "Salgado Lopez,I"]
[Result "1-0"]
[WhiteElo "2640"]
[BlackElo "2606"]

1.d4 d5 2.c4 c6 3.Nf3 Nf6 4.Nc3 a6 5.a4 e6 6.Bf4 a5 7.e3 Be7 8.Be2 Nh5 9.Be5 Nd7
10.h3 Nxe5 11.dxe5 g6 12.g4 Ng7 13.Qc2 Qb6 14.O-O-O h5 15.Bd3 Bd7 16.Rhg1 h4
17.Nd4 g5 18.Kb1 Rc8 19.Be2 O-O 20.f4 f6 21.exf6 Bxf6 22.Qg6 gxf4 23.g5 Be5
24.Bd3 fxe3 25.Qh7+ Kf7 26.cxd5 Ke7 27.d6+ Kxd6 28.Be2 Kc7 29.Qe4 Qc5 30.Nd5+ exd5
31.Qxe5+ Kb6 32.Qxg7 Bxh3 33.Rd3 Ka7 34.Rb3 Rb8 35.Rc1  1-0

[Event "14th Master Open"]
[Site "Voronezh RUS"]
[Date "2010.06.20"]
[Round "8"]
[White "Yevseev,D"]
[Black "Burmakin,V"]
[Result "1-0"]
[WhiteElo "2520"]
[BlackElo "2612"]

1.d4 d5 2.c4 c6 3.Nf3 Nf6 4.Nc3 a6 5.a4 e6 6.g3 a5 7.Bg2 Be7 8.O-O O-O 9.Ne5 Nfd7
10.f4 f5 11.g4 Nxe5 12.fxe5 dxc4 13.e4 fxe4 14.Rxf8+ Bxf8 15.Bxe4 Be7 16.g5 Nd7
17.Qh5 Nf8 18.Be3 g6 19.Qh6 Bb4 20.Nd1 c5 21.dxc5 Qc7 22.Nf2 Bxc5 23.Re1 Bd7
24.Ng4 Bxe3+ 25.Rxe3 Bc6 26.Bxc6 bxc6 27.Rf3 Qb6+ 28.Kh1 Qxb2 29.Nf6+ Kh8
30.Ne8  1-0

[Event "King's Gambit A"]
[Site "Lipetsk RUS"]
[Date "2010.06.23"]
[Round "1"]
[White "Romanko,M"]
[Black "Kasparov,S"]
[Result "1-0"]
[WhiteElo "2411"]
[BlackElo "2504"]

1.d4 d5 2.c4 c6 3.Nf3 Nf6 4.Nc3 a6 5.e3 b5 6.b3 Bg4 7.Bd2 Nbd7 8.h3 Bxf3
9.Qxf3 b4 10.Na4 e5 11.cxd5 cxd5 12.dxe5 Nxe5 13.Qf4 Bd6 14.Qd4 O-O 15.Rc1 Ne4
16.Be2 Qf6 17.O-O Nxd2 18.Qxd2 Rad8 19.Qd4 a5 20.Nb6 Bb8 21.Nxd5 Qd6 22.Rfd1 Ng6
23.g3 Ne7 24.Nf6+ Kh8 25.Qxd6 Bxd6 26.Ne4 Bb8 27.Ng5 Rxd1+ 28.Rxd1 Nc6 29.Bc4 Ne5
30.Nxf7+ Nxf7 31.Bxf7 g5 32.Bc4 h6 33.Rd7 Be5 34.f4 Bf6 35.Rf7 Rxf7 36.Bxf7 Kg7
37.Bh5 Bc3 38.Kf2 Bd2 39.Kf3 Kf6 40.e4 Ke6 41.e5 Be1 42.Ke4 Bxg3 43.f5+  1-0

[Event "King's Gambit A"]
[Site "Lipetsk RUS"]
[Date "2010.06.28"]
[Round "6"]
[White "Slugin,S"]
[Black "Airapetian,G"]
[Result "0-1"]
[WhiteElo "2439"]
[BlackElo "2429"]

1.d4 d5 2.c4 c6 3.Nc3 Nf6 4.Nf3 a6 5.e3 b5 6.b3 Bg4 7.Be2 e6 8.O-O Nbd7 9.Bb2 Be7
10.h3 Bf5 11.Nh4 Bg6 12.a4 b4 13.Na2 a5 14.Nc1 Be4 15.f3 Bg6 16.Nxg6 hxg6
17.Bd3 c5 18.Ne2 O-O 19.cxd5 exd5 20.Rc1 Bd6 21.Bb5 Qe7 22.Qd2 Rfe8 23.Kf2 Rac8
24.Rfe1 Red8 25.Rc2 Rc7 26.Nf4 Rdc8 27.Bxd7 Qxd7 28.dxc5 Bxc5 29.Rec1 Qf5
30.Bd4 Bxd4 31.Rxc7 Rxc7 32.Rxc7 Ne4+ 33.fxe4 Qxf4+ 34.Ke2 Qxc7 35.Qxd4 Qc2+
36.Kf3 dxe4+ 37.Qxe4 Qxb3 38.Qa8+ Kh7 39.Qxa5 Qd1+ 40.Kg3 Qd6+ 41.Kf3 b3
42.Qb5 Qd1+ 43.Kg3 Qc2 44.Qb4 f6  0-1

[Event "IsBank TCh-TUR"]
[Site "Konya TUR"]
[Date "2010.06.29"]
[Round "1"]
[White "Sipahioglu,I"]
[Black "Yuksel,G"]
[Result "1-0"]
[WhiteElo "2057"]
[BlackElo "1825"]

1.Nf3 d5 2.d4 Nf6 3.c4 c6 4.Nc3 a6 5.e3 b5 6.b3 Bg4 7.h3 Bxf3 8.Qxf3 e5 9.dxe5 Bb4
10.Bd2 Bxc3 11.Bxc3 Ne4 12.Bb4 bxc4 13.bxc4 Qb6 14.a3 a5 15.cxd5 cxd5 16.Bd2 Qb2
17.Rd1 Nd7 18.Bd3 Ndc5 19.Qe2 O-O 20.O-O Nb3 21.Be1 Qxe5 22.f3 Nf6 23.Bb1 Rfe8
24.Bf2 Rf8 25.Be1 Rfe8 26.Bf2 Rac8 27.Ba2 Rb8 28.Rfe1 Qe7 29.Qb2 a4 30.Bh4 Rec8
31.Rxd5 Qe6 32.Re5 Qd6 33.Bg3 Qd2 34.Re7  1-0

[Event "IsBank TCh-TUR"]
[Site "Konya TUR"]
[Date "2010.06.30"]
[Round "3"]
[White "Tsatsalashvili,K"]
[Black "Gvetadze,Sopi"]
[Result "1/2-1/2"]
[WhiteElo "2257"]
[BlackElo "2363"]

1.d4 d5 2.Nf3 Nf6 3.c4 c6 4.Nc3 a6 5.cxd5 cxd5 6.Bf4 Nc6 7.e3 Bg4 8.Be2 e6
9.h3 Bxf3 10.Bxf3 Bd6 11.Bxd6 Qxd6 12.O-O O-O 13.Qe2 Rac8 14.Na4 Rc7 15.Rac1 Rfc8
16.Rc3 g6 17.Rfc1 Kg7 18.Qc2 Nd7 19.Qd1 Na5 20.Rxc7 Rxc7 21.Rxc7 Qxc7 22.Qe1 Nc4
23.b3 Nd6 24.Qc3 Qxc3 25.Nxc3 f5 26.Kf1 Kf6 27.Be2 Ke7 28.Bd3 b5 29.f4 Nb6
30.a3 Kd7 31.Ke2 Kc6  1/2-1/2

[Event "5th Open"]
[Site "Wroclaw POL"]
[Date "2010.07.01"]
[Round "8"]
[White "Aliavdin,N"]
[Black "Stoma,P"]
[Result "1/2-1/2"]
[WhiteElo "2367"]
[BlackElo "2309"]

1.d4 c6 2.c4 d5 3.Nf3 Nf6 4.Nc3 a6 5.a4 e6 6.Bg5 h6 7.Bxf6 Qxf6 8.e3 Bb4
9.Qb3 a5 10.Be2 Nd7 11.O-O O-O 12.Rfd1 dxc4 13.Bxc4 e5 14.Ne4 Qg6 15.Bd3 exd4
16.exd4 Nb6 17.Ne5 Qe6 18.Qc2 Nd5 19.Nc3 Nf4 20.Be4 f6 21.Ng6 Nxg6 22.Bxg6 Qg4
23.Be4 Be6 24.d5 cxd5 25.Bxd5 Bxd5 26.Nxd5 Rac8 27.Qb3 Qc4 28.Qxc4 Rxc4 29.b3 Re4
30.Kf1  1/2-1/2

[Event "IsBank TCh-TUR"]
[Site "Konya TUR"]
[Date "2010.07.02"]
[Round "6"]
[White "Goksel,D"]
[Black "Ozturk,E"]
[Result "1-0"]
[WhiteElo "2253"]
[BlackElo "2208"]

1.Nf3 d5 2.d4 Nf6 3.c4 c6 4.Nc3 a6 5.a4 e6 6.Bg5 Nbd7 7.e3 a5 8.Bd3 Be7 9.O-O O-O
10.Qe2 dxc4 11.Bxc4 Nd5 12.Bxe7 Qxe7 13.e4 Nf4 14.Qe3 e5 15.Rac1 Qf6 16.Rfd1 Re8
17.dxe5 Nxe5 18.Nxe5 Qxe5 19.g3 Ng6 20.f4 Qe7 21.Rd2 Bg4 22.Kg2 Qb4 23.b3 Rad8
24.h3 Be6 25.Bxe6 fxe6 26.Nb1 Rxd2+ 27.Nxd2 Rd8 28.Nf3 h6 29.f5 Nf8 30.f6 gxf6
31.e5 Qe7 32.Qxh6 Qg7 33.Qe3 Ng6 34.exf6 Qxf6 35.Re1 e5 36.Qe4 Rd5 37.h4 Qg7
38.Kh2 Qh7 39.Re2 Qh5 40.Rf2 Ne7 41.Ng5 Qg6 42.Qf3 Rd8 43.Qc3 e4 44.Qxa5 Re8
45.Qc7 e3 46.Rf1 e2 47.Re1 Nd5 48.Qd7 Qh5 49.Kh3 Qg6 50.Qg4 Nf6 51.Qc4+ Kg7
52.Rxe2 Qf5+ 53.Kg2 Rxe2+ 54.Qxe2 Qd5+ 55.Qf3 Qe5 56.g4 Kg6 57.Qd3+ Kg7 58.Qf3 Kg6
59.Kh3 Kg7 60.Kg2 Kg6 61.Nh3 Nd5 62.h5+ Kg7 63.g5 Ne3+ 64.Kf2 Nf5 65.Qf4 Qb2+
66.Kg1 Nd4 67.Qe5+ Kg8 68.Qe8+  1-0

[Event "ROC Nova College GpA"]
[Site "Haarlem NED"]
[Date "2010.07.03"]
[Round "2"]
[White "Wunnink,M"]
[Black "Haslinger,S"]
[Result "0-1"]
[WhiteElo "2286"]
[BlackElo "2552"]

1.d4 d5 2.c4 c6 3.Nf3 Nf6 4.Nc3 a6 5.c5 g6 6.Bf4 Bg7 7.e3 Nh5 8.Bg5 O-O 9.Nd2 Nd7
10.Be2 Nhf6 11.f4 b6 12.cxb6 Nxb6 13.O-O Qd6 14.Kh1 c5 15.dxc5 Qxc5 16.e4 dxe4
17.Ndxe4 Nxe4 18.Nxe4 Qb4 19.Bf3 Ra7 20.a3 Qd4 21.Qe1 Nc4 22.Qh4 Ne3 23.Bxe7 Nf5
24.Bxf8 Nxh4 25.Bc5 Nxf3 26.gxf3 Qxb2 27.Rab1 Qxb1 28.Rxb1 Rb7 29.Bb4 Bh3
30.Rd1 h6 31.Nc5 Rb6 32.Kg1 Rc6 33.Ne4 Rc2 34.Rd2 Rxd2 35.Bxd2 Bd4+ 36.Kh1 f5
37.Nc3 Kf7 38.Ne2 Bc5 39.a4 Ke6 40.Bc3 Kd5 41.Ng1 Bf1 42.h4 Bf2 43.Bf6 Bg3  0-1

[Event "IsBank TCh-TUR"]
[Site "Konya TUR"]
[Date "2010.07.05"]
[Round "8"]
[White "Gajewski,G"]
[Black "Borovikov,V"]
[Result "1/2-1/2"]
[WhiteElo "2572"]
[BlackElo "2599"]

1.d4 d5 2.c4 c6 3.Nf3 Nf6 4.Nc3 a6 5.a4 e6 6.g3 a5 7.Bg2 Be7 8.O-O O-O 9.Bf4 Nbd7
10.Qd3 b6 11.Rfd1 dxc4 12.Qxc4 Ba6 13.Qb3 Nd5 14.Ne5 Nxe5 15.dxe5 Qb8 16.Nxd5 cxd5
17.e4 dxe4 18.Bxe4 Bb7 19.Qf3 Ra7 20.Rd2 Bxe4 21.Qxe4 b5 22.b3 bxa4 23.bxa4 Rb7
24.Be3 Rb4 25.Rd4 Rxd4 26.Qxd4 Rd8 27.Qe4 Qb4 28.Qxb4 Bxb4 29.Rc1 h5 30.Bc5 Rc8
31.Be3 Rd8 32.Bc5 Rc8 33.Be3  1/2-1/2

[Event "IsBank TCh-TUR"]
[Site "Konya TUR"]
[Date "2010.07.05"]
[Round "9"]
[White "Atalik,S"]
[Black "Tanrikulu,E"]
[Result "1-0"]
[WhiteElo "2607"]
[BlackElo "2259"]

1.d4 d5 2.c4 c6 3.Nf3 Nf6 4.Nc3 a6 5.a4 e6 6.g3 Be7 7.Bg2 O-O 8.O-O a5 9.Ne5 Na6
10.e4 Nb4 11.Be3 b6 12.Nxc6 Nxc6 13.exd5 Ba6 14.dxc6 Bxc4 15.Re1 Rc8 16.Rc1 Bb4
17.Bg5 Bxc3 18.Rxc3 Bd5 19.Bxd5 Qxd5 20.Re5 Qd6 21.Bxf6 gxf6 22.Qg4+ Kh8
23.Rh5 Rg8 24.Qh4 Rg7 25.Qxf6 Kg8 26.d5 Rg6 27.Qf3 exd5 28.Rxd5 Qe6 29.c7 Rf6
30.Rd8+ Kg7 31.Qe3  1-0

[Event "ch-Paris Int"]
[Site "Paris FRA"]
[Date "2010.07.05"]
[Round "3"]
[White "David,Alb"]
[Black "Vidit,S"]
[Result "1-0"]
[WhiteElo "2622"]
[BlackElo "2492"]

1.d4 d5 2.c4 c6 3.Nc3 Nf6 4.Nf3 a6 5.a4 e6 6.g3 dxc4 7.Bg2 c5 8.dxc5 Qxd1+
9.Nxd1 Bd7 10.Ne3 Bc6 11.Nxc4 Bxc5 12.O-O Nbd7 13.Bf4 Ke7 14.Rfc1 Rac8 15.Ne1 Bxg2
16.Kxg2 Nd5 17.Bd2 Bb4 18.Nd3 Bxd2 19.Nxd2 N5f6 20.Nc4 Ne4 21.b4 Nd6 22.Nxd6 Kxd6
23.Rab1 Rc7 24.Nc5 Ke7 25.Nxd7 Rxc1 26.Rxc1 Kxd7 27.Kf3 Rc8 28.Rxc8 Kxc8
29.Ke4 Kd7 30.g4 h6 31.f4 Kd6 32.h4 f6 33.Kd4 g6 34.h5 gxh5 35.gxh5 b6 36.Kc4 Kc6
37.b5+ axb5+ 38.axb5+ Kd6 39.Kd4 Ke7 40.f5 Kd6 41.fxe6 Kxe6 42.Ke4 f5+ 43.Kf4 Kf6
44.e3 Ke6 45.e4 fxe4 46.Kxe4 Kf6 47.Kd5 Kg5 48.Kc6 Kxh5 49.Kxb6 Kg4 50.Kc5 h5
51.b6  1-0

[Event "ch-Paris Int"]
[Site "Paris FRA"]
[Date "2010.07.08"]
[Round "6"]
[White "Loiseau,Q"]
[Black "Cori,J"]
[Result "1/2-1/2"]
[WhiteElo "2214"]
[BlackElo "2486"]

1.d4 d5 2.c4 c6 3.Nf3 Nf6 4.Nc3 a6 5.a4 e6 6.g3 Nbd7 7.Bg2 Bb4 8.O-O O-O
9.Qc2 Re8 10.Rd1 a5 11.b3 Qe7 12.Bb2 b6 13.Na2 Bd6 14.cxd5 cxd5 15.Nc3 Ba6
16.Nb5 Rec8 17.Qd3 Bb4 18.Rdc1 Ne4 19.Ne1 Ndf6 20.f3 Nd6 21.Nc2 Qd7 22.Nxb4 axb4
23.Rxc8+ Rxc8 24.Qd2 Nxb5 25.axb5 Bxb5 26.Qxb4 Bxe2 27.Qxb6 Qb5 28.Qxb5 Bxb5
29.Rc1 Rxc1+ 30.Bxc1 Nd7 31.Kf2 Nb8 32.Ke3 Nc6 33.Bd2 f6 34.f4 Kf7 35.f5 g6
36.fxe6+ Kxe6 37.Bc3 Ne7 38.Bh3+ f5 39.g4 Kf6 40.Bb4 Nc6 41.Bd2 g5 42.gxf5 h5
43.Bg2 Ne7 44.Kf2 Kxf5 45.Bb4 Nc6 46.Bd2 Ne7 47.Bb4 Nc6 48.Bd2 Ke6 49.Bxg5 Nxd4
50.Bf3 Be8 51.b4 Ke5 52.Bh6 Nxf3  1/2-1/2

[Event "ch-TUR w"]
[Site "Konya TUR"]
[Date "2010.07.10"]
[Round "2"]
[White "Firat,Deniz"]
[Black "Sop,S"]
[Result "0-1"]
[WhiteElo "1621"]
[BlackElo "1988"]

1.d4 d5 2.c4 c6 3.Nf3 Nf6 4.Nc3 a6 5.e3 Bg4 6.a4 e6 7.Bd3 Bb4 8.Bd2 Nbd7
9.cxd5 exd5 10.O-O O-O 11.Be2 a5 12.Na2 Bxd2 13.Nxd2 Bxe2 14.Qxe2 Qe7 15.Nc3 Rfb8
16.Rfb1 Nf8 17.f3 Ne6 18.Qd3 Rd8 19.Qc2 Nc7 20.Re1 Na6 21.Na2 c5 22.Nb3 b6
23.dxc5 Nxc5 24.Nxc5 bxc5 25.Nc3 Qb7 26.Nb5 Qb6 27.Rac1 Rac8 28.Red1 h6 29.Qd2 Ne8
30.Rc3 Nd6 31.Nxd6 Rxd6 32.Qc2 c4 33.Re1 Rb8 34.Re2 d4 35.exd4 Qxd4+ 36.Kf1 Qb6
37.Rxc4 Rbd8 38.Rc8 Rd1+ 39.Qxd1 Rxc8 40.Qe1 Qa6 41.Kg1 Qb6+ 42.Kf1 Qa6 43.Kg1 Qb6+
44.Kf1 Kh7 45.Qb1+ Kg8 46.Qe1 Kh7 47.Qb1+ Kg8 48.Qe1 Kh7 49.Qb1+ g6 50.Qe1 Qd6
51.g3 Qf6 52.f4 Qc6 53.Re4 Qc2 54.Qf2 Qd1+ 55.Qe1 Qd3+ 56.Re2 Qb3 57.Re4 Qf3+
58.Kg1 Rc2  0-1

[Event "ch-USA w"]
[Site "St Louis USA"]
[Date "2010.07.10"]
[Round "1"]
[White "Zenyuk,I"]
[Black "Foisor,S"]
[Result "1-0"]
[WhiteElo "2236"]
[BlackElo "2317"]

1.d4 d5 2.c4 c6 3.Nf3 Nf6 4.Nc3 a6 5.cxd5 cxd5 6.Bg5 Nc6 7.Bxf6 exf6 8.e3 Be6
9.Be2 Bd6 10.O-O O-O 11.Rc1 f5 12.Na4 f4 13.Nc5 Qe7 14.exf4 Bxf4 15.Rc3 Rae8
16.Nd3 Bb8 17.Re1 f6 18.Bf1 Qd6 19.g3 Bg4 20.Rxe8 Rxe8 21.Nf4 Re4 22.Be2 b5
23.h3 Bd7 24.Bd3 Re8 25.Bc2 Ne7 26.Kg2 Qb6 27.Qd2 b4 28.Rc5 Bd6 29.Nxd5 Nxd5
30.Rxd5 Bc6 31.Rf5 Rf8 32.d5 Bd7 33.Rh5 f5 34.Ng5 h6 35.Ne6 Bxe6 36.dxe6 Qc6+
37.Kg1 Rd8 38.Rxf5 Be7 39.Qe2 Rc8 40.Bb3 Rd8 41.Rf7 Re8 42.Qg4 Qc1+ 43.Kg2 Qxb2
44.Qg6 Bc5 45.e7 Kh8 46.Bc2  1-0

[Event "Heart of Finland"]
[Site "Jyvaskyla FIN"]
[Date "2010.07.11"]
[Round "9"]
[White "Solozhenkin,E"]
[Black "Pohjala,H"]
[Result "1/2-1/2"]
[WhiteElo "2500"]
[BlackElo "2220"]

1.d4 d5 2.Nf3 Nf6 3.c4 c6 4.Nc3 a6 5.c5 Nbd7 6.Bf4 g6 7.e3 Bg7 8.Bd3 O-O
9.h3 Ne8 10.O-O e5 11.Nxe5 Nxe5 12.Bxe5 Bxe5 13.dxe5 Qe7 14.e4 dxe4 15.Nxe4 Qxe5
16.Qb3 Be6 17.Qxb7 Rb8 18.Qxa6 Rxb2 19.Qxc6 Bxa2 20.Rae1 Bd5 21.Qa4 Nf6 22.f4 Qe7
23.Qd4 Bxe4 24.Qxb2 Qxc5+ 25.Rf2 Bxd3 26.Qxf6 Ra8 27.Qb2 Bf5 28.Re5 Qc7 29.Kh2 Be6
30.Rc2 Qd6 31.Rd2 Qc6 32.Rb5 Qc7 33.Qd4 Re8 34.Rb6 Rc8 35.Rd6 Re8 36.Rd3 Qe7
37.Rd2 Qc7 38.Qf6 Qe7 39.Qd4 Qc7 40.Rd8 Rxd8 41.Qxd8+ Qxd8 42.Rxd8+ Kg7 43.g4 Kf6
44.Kg3 Kg7 45.g5 h6 46.h4 hxg5 47.fxg5 Bc4 48.Kf4 Bb3 49.Ke5 Bc4 50.Rd6 Bb3
51.Rb6  1/2-1/2

[Event "5th Nana Aleksandria Cup"]
[Site "Poti GEO"]
[Date "2010.07.12"]
[Round "2"]
[White "Kilasonia,L"]
[Black "Tsomaia,M"]
[Result "1/2-1/2"]
[WhiteElo "2073"]
[BlackElo "1897"]

1.d4 d5 2.c4 c6 3.Nc3 Nf6 4.Nf3 a6 5.cxd5 cxd5 6.Bf4 Nc6 7.e3 Bf5 8.Bd3 Bxd3
9.Qxd3 e6 10.O-O Bd6 11.a3 O-O 12.b4 b5 13.Bg5 h6 14.Bh4 Be7 15.Rac1 Rc8
16.Bxf6 Bxf6 17.Nd2 Qb6 18.Nb3 Rfd8 19.f4 Ne7 20.Nc5 Nf5 21.g4 Ne7 22.Rf3 g6
23.Rcf1 Bg7 24.Ra1 Ra8 25.Rf2 f5 26.h3 g5 27.fxg5 hxg5 28.Rg2 f4 29.exf4 gxf4
30.Re1 Rd6 31.Rge2 Nc6 32.Rxe6 Nxd4 33.Nxd5 Nxe6 34.Rxe6 Qd8 35.Ne7+ Qxe7
36.Qxd6 Qh4 37.Qd5 Qg3+ 38.Qg2 Bd4+ 39.Kf1 Bxc5 40.Qxg3 fxg3 41.bxc5 Kf7
42.Re3 Rc8 43.Kg2 Rxc5 44.Kxg3 Kf6 45.h4 Rc8 46.h5 a5 47.Rb3 Rb8 48.Kf4 b4
49.axb4 axb4 50.g5+ Kf7 51.Kf5 Rb5+ 52.Kf4 Kg7 53.Kg4 Kf7 54.Kf4 Kg7 55.Kg4 Kf7
56.Kf4 Kg7 57.h6+ Kg6 58.Rh3 Rb7 59.Rb3 Rb5 60.Rf3  1/2-1/2

[Event "29th Jacques Lemans Open"]
[Site "St Veit SUI"]
[Date "2010.07.12"]
[Round "3"]
[White "Rauchlahner,Robert"]
[Black "Meertens,Mart"]
[Result "0-1"]
[WhiteElo "2061"]
[BlackElo "2133"]

1.d4 d5 2.Nf3 Nf6 3.c4 c6 4.Nc3 a6 5.e3 b5 6.cxd5 cxd5 7.Bd2 e6 8.Bd3 Bd6
9.O-O Bb7 10.Ne5 Nc6 11.f4 Ne7 12.Qf3 b4 13.Ne2 Ne4 14.Be1 f6 15.Nc4 O-O
16.g4 dxc4 17.Bxe4 Bd5 18.Bxd5 exd5 19.e4 Qd7 20.exd5 Qb5 21.Ng3 Qxd5 22.Rd1 Qxf3
23.Rxf3 f5 24.gxf5 Nxf5 25.Ne4 a5 26.Bf2 Rfe8 27.Re1 Bf8 28.Nc5  0-1

[Event "5th Nana Aleksandria Cup"]
[Site "Poti GEO"]
[Date "2010.07.14"]
[Round "4"]
[White "Mangiashvili,O"]
[Black "Tsomaia,M"]
[Result "0-1"]
[WhiteElo "1806"]
[BlackElo "1897"]

1.d4 d5 2.c4 c6 3.Nf3 Nf6 4.Nc3 a6 5.c5 b5 6.a3 Nbd7 7.g3 g6 8.b4 a5 9.Bb2 Bg7
10.Bg2 O-O 11.O-O Re8 12.Re1 Qc7 13.e3 Bb7 14.Qd2 a4 15.Ne5 Rad8 16.f4 Nxe5
17.fxe5 Nd7 18.Bh3 Bc8 19.e6 fxe6 20.Bxe6+ Kh8 21.e4 Nxc5 22.Bxd5 Nb3 23.Bxb3 Bxd4+
24.Kg2 e6 25.Nd5 cxd5 26.Qd1 e5 27.Qd3 dxe4 28.Qxb5 Bg4 29.Rec1 Bf3+ 30.Kf1 Qa7
31.Rc5 Re7 32.Qc6 Kg7 33.b5 Bxc5  0-1

[Event "2nd Open"]
[Site "Rethymno GRE"]
[Date "2010.07.14"]
[Round "3"]
[White "Sargissian,G"]
[Black "Hovhanisian,M"]
[Result "1-0"]
[WhiteElo "2673"]
[BlackElo "2479"]

1.d4 d5 2.c4 c6 3.Nf3 Nf6 4.Nc3 a6 5.a4 e6 6.Bg5 Bb4 7.e3 Nbd7 8.cxd5 exd5
9.Bd3 c5 10.O-O h6 11.Bh4 Bxc3 12.bxc3 c4 13.Bf5 Qa5 14.Qc2 O-O 15.Nd2 Re8
16.Rfe1 g5 17.Bg3 Nf8 18.Reb1 Re7 19.Bd6 Bxf5 20.Qxf5 Re6 21.Nxc4 Qxc3 22.Rc1 Qb3
23.Rab1 Qa2 24.Rb2 Qxc4 25.Rxc4 dxc4 26.Bxf8 Kxf8 27.Rxb7 Rc6 28.d5 Rd8 29.Rb8 Rxb8
30.dxc6 Nd5 31.h4  1-0

[Event "2nd Open"]
[Site "Rethymno GRE"]
[Date "2010.07.14"]
[Round "3"]
[White "Rychagov,A"]
[Black "Martin Alvarez,I"]
[Result "1-0"]
[WhiteElo "2538"]
[BlackElo "2321"]

1.d4 d5 2.c4 c6 3.Nf3 Nf6 4.Nc3 a6 5.a4 e6 6.g3 Be7 7.Bg2 a5 8.O-O O-O 9.Nd2 Qb6
10.e3 Na6 11.Qe2 Nb4 12.b3 c5 13.Nf3 Bd7 14.Bb2 Rac8 15.Ne5 Bc6 16.Nb5 cxd4
17.Bxd4 Bc5 18.Bb2 Nd7 19.cxd5 exd5 20.Nxc6 bxc6 21.Qg4 g6 22.Qxd7 Rfd8 23.Qg4 cxb5
24.axb5 Qxb5 25.Rad1 a4 26.bxa4 Qxa4 27.Bf6 Re8 28.Rxd5 Qc6 29.Rd8 Qe6 30.Qxe6 fxe6
31.Rd7 Bf8 32.Ra1 Rc5 33.Be4 Rc4 34.Raa7 Rxe4 35.Rxh7 Be7 36.Rh8+ Kf7 37.Rxe8 Kxe8
38.Rxe7+ Kf8 39.Rb7 Nd5 40.Bg7+ Ke8 41.Bd4  1-0

[Event "2nd Artemis Cup"]
[Site "Leros GRE"]
[Date "2010.07.15"]
[Round "4"]
[White "Johansson,V"]
[Black "Kasparov,S"]
[Result "0-1"]
[WhiteElo "2179"]
[BlackElo "2492"]

1.d4 d5 2.c4 c6 3.Nf3 Nf6 4.Nc3 a6 5.c5 Nbd7 6.Bf4 Nh5 7.Bd2 Nhf6 8.Bf4 g6
9.h3 Bg7 10.e3 O-O 11.Be2 Re8 12.O-O Nf8 13.Qc2 N6d7 14.e4 dxe4 15.Nxe4 Ne6
16.Be3 Nf6 17.Nxf6+ Bxf6 18.Rad1 Nc7 19.h4 Nd5 20.h5 Bf5 21.Qb3 Qc7 22.Bc4 Rad8
23.Bd2 Bg4 24.hxg6 hxg6 25.Bh6 Kh7 26.Bc1 Kg7 27.Rfe1 Rh8 28.Re4 Qc8 29.Rde1 Rh5
30.Ne5 Rdh8 31.f3 Bf5 32.Bxd5 cxd5 33.Bf4 Bxe4 34.Rxe4 Bxe5 35.Rxe5 Rxe5
36.Bxe5+ f6 37.Bg3 Qc6 38.Qe3 Kf7 39.b4 Qa4 40.Qd2 g5 41.Be1 Qd7 42.Qc2 g4
43.f4 Qe6 44.Bf2 Rh5 45.a4 Qf5 46.Qd2 Qh7 47.Bg3 Rh1+ 48.Kf2 Qb1 49.a5 Qg1+
50.Ke2  0-1

[Event "Lake Sevan GM"]
[Site "Martuni ARM"]
[Date "2010.07.15"]
[Round "5"]
[White "Pashikian,A"]
[Black "Matlakov,M"]
[Result "1-0"]
[WhiteElo "2630"]
[BlackElo "2603"]

1.d4 d5 2.c4 c6 3.Nf3 Nf6 4.Nc3 a6 5.e3 b5 6.c5 g6 7.Ne5 Bg7 8.f4 a5 9.a3 Be6
10.Bd3 Qc7 11.O-O Nbd7 12.Qc2 O-O 13.Bd2 Ne8 14.Nf3 f5 15.b4 Nef6 16.Ng5 Bf7
17.Nxf7 Kxf7 18.a4 axb4 19.Nxb5 cxb5 20.axb5 Rfb8 21.Ra4 Ne4 22.Bxb4 e6 23.Rfa1 Rxa4
24.Rxa4 Bf8 25.Ra6 Ndxc5 26.dxc5 Bxc5 27.Kf1 Qe7 28.Bxc5 Nxc5 29.Rc6 Nd7
30.Rc7 Rb6 31.Qa4 d4 32.Qa7 Rd6 33.exd4 Ke8 34.Qa8+ Kf7 35.Qh8 Qh4 36.Qe5 Rd5
37.Qe3 Qd8 38.b6 Qb8 39.Bb5 Rxb5 40.Rxd7+ Kf8 41.Qa3+ Kg8 42.g3 Qe8 43.Rb7 Rb1+
44.Kf2 Qd8 45.Qa7 Rb2+ 46.Kf1  1-0

[Event "5th Nana Aleksandria Cup"]
[Site "Poti GEO"]
[Date "2010.07.15"]
[Round "5"]
[White "Rizhamadze,P"]
[Black "Shengelia,N"]
[Result "0-1"]
[WhiteElo "2037"]
[BlackElo "1929"]

1.d4 d5 2.c4 c6 3.Nc3 Nf6 4.Nf3 a6 5.e3 Bg4 6.h3 Bxf3 7.Qxf3 e6 8.Bd3 b5
9.cxd5 cxd5 10.a3 Bd6 11.O-O Nc6 12.Rd1 O-O 13.Bc2 Ne7 14.h4 Rc8 15.h5 h6
16.Bd2 Bb8 17.Rac1 Qd6 18.g3 e5 19.dxe5 Qxe5 20.e4 d4 21.Ne2 d3 22.Bxd3 Nxh5
23.Bc3 Qg5 24.Bb4 Rxc1 25.Rxc1 g6 26.Bd2 Qxd2  0-1

[Event "ch-USA w"]
[Site "St Louis USA"]
[Date "2010.07.15"]
[Round "6"]
[White "Zenyuk,I"]
[Black "Rohonyan,K"]
[Result "0-1"]
[WhiteElo "2236"]
[BlackElo "2319"]

1.d4 d5 2.c4 c6 3.Nc3 Nf6 4.Nf3 a6 5.cxd5 cxd5 6.Bg5 Ne4 7.Nxe4 dxe4 8.Nd2 Nc6
9.e3 Qa5 10.Bf4 e5 11.dxe5 Be6 12.a3 Rd8 13.b4 Nxb4 14.axb4 Qxb4 15.Qa4+ b5
16.Qxb4 Bxb4 17.O-O-O O-O 18.Be2 a5 19.Nxe4 Ra8 20.Nd6 a4 21.Bxb5 a3 22.Kc2 Ra5
23.Bc4 Rc5 24.Kd3 a2 25.Ra1 Ra8 26.e4 Ra3+ 27.Kd4 Rca5 28.Bxe6 Bc3+ 29.Kc4 R5a4+
30.Kb5 Rb4+ 31.Kc5 fxe6 32.Rxa2 Rxa2 33.Bg3 Rc2 34.Ne8 Rxe4 35.Kd6 Kf7 36.Kd7 Bxe5
37.Bxe5 Rxe5 38.Nd6+ Kf6 39.Ne8+ Kg6 40.f4 Ree2 41.g4 Rxh2 42.Rxh2 Rxh2 43.Kxe6 Re2+
44.Kd7 Re4 45.f5+ Kh6 46.f6 gxf6 47.Nxf6 Re1 48.Kd6 Kg6 49.Nh5 Re4  0-1

[Event "Corporation Centre Cup"]
[Site "Izhevsk RUS"]
[Date "2010.07.16"]
[Round "2"]
[White "Tunik,G"]
[Black "Khakimov,T"]
[Result "1/2-1/2"]
[WhiteElo "2469"]
[BlackElo "2290"]

1.d4 d5 2.c4 c6 3.Nf3 Nf6 4.Nc3 a6 5.cxd5 cxd5 6.Bf4 Nc6 7.Rc1 Bf5 8.e3 e6
9.Ne5 Nxe5 10.Bxe5 Nd7 11.Bg3 Rc8 12.Bd3 Bxd3 13.Qxd3 Be7 14.O-O O-O 15.Rc2 Nf6
16.Rfc1 Qd7 17.Ne2 Rxc2 18.Rxc2 Rc8 19.b3 Rc6 20.Rxc6 Qxc6 21.f3 Bb4 22.Bf2 a5
23.g4 a4 24.Kg2 Ne8 25.h4 Nd6 26.Bg3 axb3 27.axb3 Nb5 28.h5 h6 29.e4 Nc3
30.Nxc3 Qxc3 31.Qxc3 Bxc3 32.Bf2 b5 33.Kf1 f6 34.Ke2 Kf7 35.Kd3 Bb4 36.Be3 g5
37.f4 Bd6 38.e5 Bc7 39.Bd2 gxf4 40.Bxf4 fxe5 41.Bxh6 exd4 42.Kxd4 Bb6+ 43.Kc3 Ba5+
44.b4 Bc7 45.g5 e5 46.g6+ Kf6 47.Bg5+ Kg7 48.Be7 Bb6 49.Kd2 Bd4 50.Bc5 Ba1
51.Ke3 Bc3 52.Kf3 e4+ 53.Kf4 Kf6 54.Bd6 Bd2+ 55.Kg4 Ke6 56.Bc5 Bh6 57.Bd4 Ke7
58.Kf5 e3 59.Bc5+ Ke8 60.Bd4 e2 61.Bf2 d4 62.Ke4 Bd2 63.h6 Bxh6 64.Kd3 Ke7
65.Kxe2 Kf6  1/2-1/2

[Event "2nd Open"]
[Site "Rethymno GRE"]
[Date "2010.07.17"]
[Round "6"]
[White "Rombaldoni,D"]
[Black "Volkov,Sergey1"]
[Result "0-1"]
[WhiteElo "2493"]
[BlackElo "2597"]

1.d4 d5 2.c4 c6 3.Nf3 Nf6 4.Nc3 a6 5.h3 e6 6.c5 b6 7.cxb6 Nbd7 8.e3 c5 9.Bd3 Bb7
10.O-O Bd6 11.b3 Rc8 12.Bb2 O-O 13.Qe2 cxd4 14.exd4 Qxb6 15.Na4 Qa7 16.Ne5 Rc7
17.Qd2 a5 18.Rfc1 Rfc8 19.Rxc7 Bxc7 20.Rc1 Qb8 21.f4 Bd8 22.Nc5 Nxe5 23.fxe5 Ne4
24.Bxe4 dxe4 25.Qf4 Bd5 26.Nxe4 Rxc1+ 27.Bxc1 Qb4 28.Nd6 Qe1+ 29.Qf1 Qxf1+
30.Kxf1 f6 31.Ba3 h5 32.g3 f5 33.Kf2 h4 34.Nc4 a4 35.Bc5 Bg5 36.Bb4 axb3
37.axb3 Kh7 38.Bd2 Be7 39.Na5 hxg3+ 40.Kxg3 g5 41.b4 f4+ 42.Kg4 f3 43.Kg3 g4
44.Be1 gxh3  0-1

[Event "2nd Open"]
[Site "Rethymno GRE"]
[Date "2010.07.20"]
[Round "9"]
[White "Postny,E"]
[Black "Borovikov,V"]
[Result "0-1"]
[WhiteElo "2577"]
[BlackElo "2601"]

1.d4 d5 2.c4 c6 3.Nf3 Nf6 4.Nc3 a6 5.c5 Nbd7 6.Bf4 Nh5 7.Bd2 Nhf6 8.h3 Qc7
9.Bg5 h6 10.Bh4 Nh5 11.g4 g5 12.gxh5 gxh4 13.Rg1 b6 14.b4 a5 15.a3 e5 16.e3 axb4
17.axb4 Rxa1 18.Qxa1 bxc5 19.bxc5 Be7 20.Qa4 e4 21.Nd2 Kf8 22.Ba6 Rg8 23.Rxg8+ Kxg8
24.Bxc8 Qxc8 25.Qa7 Bg5 26.Na2 Nf6 27.Nb4 Kg7 28.Nf1 Qxh3 29.Nxc6 Ng4 30.Ne5 Nxe5
31.dxe5 Qe6 32.Qc7 Be7 33.Nh2 h3 34.Kf1 Bh4 35.Qb6 Qxe5 36.Qxh6+ Kg8 37.Qf4 Qa1+
38.Ke2 Qb2+ 39.Kf1 Qb1+ 40.Ke2 Qc2+ 41.Ke1 Qb1+ 42.Kd2 Bd8 43.Qg4+ Kf8 44.Qc8 Ke7
45.Qa6 Qb2+ 46.Kd1 Bc7 47.Qa7 Qb8 48.Qxb8 Bxb8 49.f4 exf3 50.Ng4 Bg3  0-1

[Event "Open A"]
[Site "Oberwart AUT"]
[Date "2010.07.21"]
[Round "9"]
[White "Flumbort,A"]
[Black "Shimanov,A"]
[Result "1/2-1/2"]
[WhiteElo "2540"]
[BlackElo "2519"]

1.d4 d5 2.c4 c6 3.Nf3 Nf6 4.Nc3 a6 5.a4 e6 6.Bg5 a5 7.e3 Na6 8.Be2 Be7 9.O-O O-O
10.Qb3 b6 11.Ne5 Bb7 12.Rac1 Nb4 13.Rfd1 Rc8 14.cxd5 exd5 15.Bf3 Ba6 16.Na2 Nxa2
17.Qxa2 Qd6 18.Bf4 Qe6 19.Qb3 Bb4 20.Nd3 Bc4 21.Qc2 Bxd3 22.Qxd3 Bd6 23.Bxd6 Qxd6
24.Rc3 g6 25.Rdc1 Rc7 26.h3  1/2-1/2